000 00359nam a22001457a 4500
999 _c9149
_d9149
003 OSt
008 201119b ||||| |||| 00| 0 eng d
020 _a978019818690
100 _aSanders, Andrew.
245 _aThe Short Oxford History of English Literature
250 _a3rd.
260 _aNew delhi
_bOxford
_c 2005
300 _a755.
942 _2ddc
_cBK
_03